000 00315nam a22001337a 4500
999 _c54898
_d54898
008 190621b ||||| |||| 00| 0 eng d
020 _a9789951672030
041 _aalb
080 _a341
100 _a0
101 _aSHJ
245 _aHyrje në të Drejtën (Fillet e së drejtës)
_cBerisha, F
942 _2udc
_cBK